000 00212nam a2200085Ia 4500
008 120527s9999 xx 000 0 und d
100 _aHock, R. Roger
245 _aForty studies that changed psychology
942 _cBK
999 _c27457
_d27457